| 000 | 00484nam a2200181Ia 4500 | ||
|---|---|---|---|
| 008 | 151018s9999 xx 000 0 und d | ||
| 082 |
_bRBASDV6085 _a824 |
||
| 100 | _aFlenny J. Fethbridge | ||
| 245 | _aThe peasant and the communes | ||
| 250 | _b2 | ||
| 260 |
_bDragon books _c1993 |
||
| 300 | _a202 | ||
| 600 | _aFlenny J. Fethbridge | ||
| 630 | _aThe peasant and the communes | ||
| 700 | _aFlenny J. Fethbridge | ||
| 730 | _aThe peasant and the communes | ||
| 942 | _cBOOK | ||
| 999 |
_c1008463 _d1008460 |
||